000 00340nam a22001337a 4500
008 170619b xxu||||| |||| 00| 0 eng d
020 _a0822310708
041 _aeng
080 _a32
100 _a20
101 _aSHP
245 _aPEACES OF INTERNATIONAL PUBLIC POINION AND AMERICA FOREIGN POLICY
_cWITTKOPF.E.R
942 _2udc
_cBK
999 _c18019
_d18019